| 000 | 00425nam a22001577a 4500 | ||
|---|---|---|---|
| 005 | 20240229013942.0 | ||
| 008 | 240229b |||||||| |||| 00| 0 eng d | ||
| 020 | _a0143062050. | ||
| 082 |
_222 _a322.4 _bCON. |
||
| 100 | _aAiyar, Shankar mani. | ||
| 245 |
_aConfessions of a secular fundamentalist : _cMani Shankar Aiyar. |
||
| 260 |
_aIndia ; _bPenguin books / _c2006. |
||
| 300 | _a290, p., | ||
| 650 | _aHistory | ||
| 942 | _cL | ||
| 999 |
_c514 _d514 |
||